[Event "4. Copenhagen Open Politiken Cup"]
[Site "Brndby"]
[Date "1982.??.??"]
[Round "9"]
[White "Brinck Claussen, Bjorn"]
[Black "Spassov, Liuben"]
[Result "1/2-1/2"]
[WhiteElo "2380"]
[BlackElo "2410"]
[PlyCount "155"]
[EventDate "1982.??.??"]
[EventType "swiss"]
[EventRounds "10"]
[EventCountry "DEN"]
[SourceDate "2004.01.01"]

1. d4 Nf6 2. c4 e6 3. Nf3 b6 4. g3 Bb4+ 5. Bd2 Bxd2+ 6. Qxd2 Ba6 7. Qc2 c5 8.
Bg2 Nc6 9. dxc5 bxc5 10. O-O O-O 11. b3 Rc8 12. Nc3 Qe7 13. Rfd1 Rfd8 14. Ng5
Nb4 15. Qb1 h6 16. Nge4 d5 17. a3 Nc6 18. Nxf6+ Qxf6 19. cxd5 Nd4 20. Ra2 exd5
21. Nxd5 Rxd5 22. Bxd5 Nxe2+ 23. Rxe2 Bxe2 24. Re1 Bf3 25. Qd3 Bxd5 26. Qxd5
Qc6 27. Qxc6 Rxc6 28. Re8+ Kh7 29. Re7 Ra6 30. a4 c4 31. bxc4 Rxa4 32. Rxf7
Rxc4 33. Rxa7 h5 34. Kg2 h4 35. Kh3 hxg3 36. hxg3 Rb4 37. f4 Rb6 38. Ra5 Kh6
39. g4 Rb1 40. Ra6+ Kh7 41. Kh4 Rh1+ 42. Kg5 Rb1 43. f5 Rb5 44. Re6 Ra5 45. Kf4
Ra4+ 46. Re4 Ra1 47. Re7 Ra4+ 48. Kg3 Ra3+ 49. Kh4 Rf3 50. Kg5 Rf1 51. Rf7 Ra1
52. Re7 Rf1 53. Re3 Ra1 54. Kf4 Ra4+ 55. Kg3 Ra5 56. Kh4 Ra4 57. Rb3 Rc4 58.
Kh5 Rc1 59. Rh3 Rc5 60. Kg5+ Kg8 61. Ra3 Kh7 62. Ra4 Rc1 63. Kf4 Re1 64. g5
Rf1+ 65. Ke5 Rg1 66. g6+ Kh6 67. Ke6 Rb1 68. Rh4+ Kg5 69. Rh2 Rb6+ 70. Kf7 Rb7+
71. Kg8 Kxf5 72. Kh7 Kg5 73. Rg2+ Kf6 74. Rf2+ Kg5 75. Rf7 Rb6 76. Ra7 Rc6 77.
Ra1 Rc7 78. Ra5+ 1/2-1/2

[Event "4. Copenhagen Open Politiken Cup"]
[Site "Brndby"]
[Date "1982.??.??"]
[Round "9"]
[White "Carlsson, Gerner"]
[Black "Hvenekilde, Jorgen"]
[Result "1-0"]
[WhiteElo "2210"]
[BlackElo "2285"]
[PlyCount "107"]
[EventDate "1982.??.??"]
[EventType "swiss"]
[EventRounds "10"]
[EventCountry "DEN"]
[SourceDate "2004.01.01"]

1. d4 d5 2. Nf3 Nc6 3. c4 Bg4 4. e3 Nf6 5. Nc3 e6 6. h3 Bxf3 7. Qxf3 a6 8. Bd2
Be7 9. cxd5 exd5 10. Bd3 Nb4 11. Bb1 O-O 12. a3 Nc6 13. Ba2 Re8 14. O-O Bd6 15.
Nxd5 Ne4 16. Be1 Re6 17. Nf4 Ng5 18. Qg4 Rh6 19. Bc3 g6 20. g3 Bxf4 21. exf4
Nxh3+ 22. Kg2 Nxd4 23. Rad1 c5 24. Rh1 Qe8 25. Bxd4 Qc6+ 26. Qf3 Qxf3+ 27. Kxf3
cxd4 28. Kg2 Nxf4+ 29. gxf4 Rxh1 30. Rxh1 Rc8 31. Bb3 Rc5 32. a4 Rc6 33. Bd5
Rb6 34. b3 Rb4 35. Kf3 a5 36. f5 Kg7 37. f6+ Kxf6 38. Rxh7 b5 39. axb5 d3 40.
Rxf7+ Ke5 41. Bc4 a4 42. Re7+ Kf6 43. Re1 d2 44. Rb1 axb3 45. Bd3 g5 46. Ke2
Rf4 47. f3 Ke5 48. Ke3 Kd5 49. Be2 Rd4 50. Rxb3 d1=Q 51. Bxd1 Rxd1 52. Rd3+
Rxd3+ 53. Kxd3 Kc5 54. Ke4 1-0

[Event "4. Copenhagen Open Politiken Cup"]
[Site "Brndby"]
[Date "1982.??.??"]
[Round "9"]
[White "Cox, John J"]
[Black "Westerinen, Heikki"]
[Result "1-0"]
[WhiteElo "2285"]
[BlackElo "2440"]
[PlyCount "79"]
[EventDate "1982.??.??"]
[EventType "swiss"]
[EventRounds "10"]
[EventCountry "DEN"]
[SourceDate "2004.01.01"]

1. c4 e6 2. Nf3 d5 3. b3 Nf6 4. g3 c6 5. Bg2 b5 6. Qc2 Be7 7. Bb2 O-O 8. O-O a5
9. d3 a4 10. cxb5 cxb5 11. bxa4 Rxa4 12. Nbd2 Bb7 13. Rfb1 Nc6 14. Bc3 Nb4 15.
Qb2 Ba6 16. Nd4 Qd7 17. a3 Nc6 18. Nxc6 Qxc6 19. Rc1 Qb6 20. Bb4 Bxb4 21. axb4
h6 22. h3 Ra8 23. Nc4 Qd8 24. Na5 Qd6 25. Rab1 Rc8 26. Rxc8+ Bxc8 27. Qc3 Ba6
28. Bf3 e5 29. e3 d4 30. exd4 exd4 31. Qc6 Qxc6 32. Nxc6 Ra3 33. Be2 Nd5 34.
Bf1 Nc3 35. Re1 Rb3 36. Re7 Kh7 37. Rxf7 Bc8 38. Rc7 Bf5 39. Nxd4 Nd5 40. Rc5
1-0

[Event "4. Copenhagen Open Politiken Cup"]
[Site "Brndby"]
[Date "1982.??.??"]
[Round "9"]
[White "Ermenkov, Evgeny"]
[Black "Kaiszauri, Konstanty"]
[Result "0-1"]
[WhiteElo "2460"]
[BlackElo "2395"]
[PlyCount "80"]
[EventDate "1982.??.??"]
[EventType "swiss"]
[EventRounds "10"]
[EventCountry "DEN"]
[SourceDate "2004.01.01"]

1. e4 d6 2. d4 Nf6 3. Nc3 g6 4. Nf3 Bg7 5. h3 O-O 6. Be3 a6 7. a4 b6 8. g3 Bb7
9. Nd2 c5 10. dxc5 bxc5 11. Bg2 Nc6 12. O-O Rb8 13. Nd5 Nd7 14. c3 a5 15. Re1
Ba6 16. Qc2 Nde5 17. Bf1 Bxf1 18. Kxf1 c4 19. Nf4 e6 20. Red1 d5 21. Ne2 f5 22.
exf5 Rxf5 23. Kg2 Qd7 24. Rab1 Rbf8 25. f4 Nd3 26. b3 e5 27. bxc4 exf4 28. Nxf4
Nxf4+ 29. Bxf4 g5 30. Be3 Ne5 31. cxd5 g4 32. Qe4 gxh3+ 33. Kh1 Ng4 34. Nc4 Re8
35. Rb7 Rxe4 36. Rxd7 Rxc4 37. Bb6 Rxc3 38. d6 Rcf3 39. Bg1 Rf1 40. Rd4 h5 0-1

[Event "4. Copenhagen Open Politiken Cup"]
[Site "Brndby"]
[Date "1982.??.??"]
[Round "9"]
[White "Heinbuch, Detlef"]
[Black "Trepp, Markus"]
[Result "1-0"]
[WhiteElo "2300"]
[BlackElo "2210"]
[PlyCount "83"]
[EventDate "1982.??.??"]
[EventType "swiss"]
[EventRounds "10"]
[EventCountry "DEN"]
[SourceDate "2004.01.01"]

1. c4 Nf6 2. Nc3 e6 3. e4 c5 4. e5 Ng8 5. d4 cxd4 6. Qxd4 Nc6 7. Qe4 Bb4 8. Bd2
d6 9. Qg4 dxe5 10. Qxg7 Qf6 11. Qg3 Qg6 12. O-O-O Qxg3 13. hxg3 f5 14. a3 Bc5
15. Nh3 Nf6 16. b4 Be7 17. Nb5 O-O 18. Kb2 Bd7 19. c5 Ne4 20. Be3 Rad8 21. Bd3
a6 22. Bxe4 axb5 23. Bf3 e4 24. Be2 Bf6+ 25. Kb3 Ne5 26. Nf4 Ng6 27. Rd6 Nxf4
28. gxf4 Be7 29. Rb6 Bc6 30. Bxb5 Bxb5 31. Rxb5 Rd3+ 32. Kc4 Rd7 33. Rb6 Ra8
34. Bc1 Bf6 35. Rxe6 Bg7 36. Rd6 Rxd6 37. cxd6 Rd8 38. Rd1 Kf7 39. Be3 Ke6 40.
Bc5 Bf8 41. Kb5 Kd7 42. a4 1-0

[Event "4. Copenhagen Open Politiken Cup"]
[Site "Brndby"]
[Date "1982.??.??"]
[Round "9"]
[White "Hjartarson, Johann"]
[Black "Hansen, Curt"]
[Result "1/2-1/2"]
[WhiteElo "2425"]
[BlackElo "2335"]
[PlyCount "59"]
[EventDate "1982.??.??"]
[EventType "swiss"]
[EventRounds "10"]
[EventCountry "DEN"]
[SourceDate "2004.01.01"]

1. c4 e6 2. g3 d5 3. Bg2 dxc4 4. Qa4+ Nd7 5. Qxc4 c5 6. Nf3 Ngf6 7. O-O b6 8.
d4 Bb7 9. Nc3 Rc8 10. Bg5 Be7 11. Rfd1 O-O 12. Qd3 h6 13. Bf4 cxd4 14. Qxd4 Nd5
15. Nxd5 Bxd5 16. Ne5 Bc5 17. Qa4 Nxe5 18. Bxe5 Qg5 19. Qf4 Bxg2 20. Kxg2 Qxf4
21. gxf4 Rfd8 22. Kf3 f6 23. Bc3 Kf7 24. e3 g5 25. h3 a5 26. a4 Ke7 27. Rxd8
Rxd8 28. Rc1 gxf4 29. Kxf4 Rd5 30. Kf3 1/2-1/2

[Event "4. Copenhagen Open Politiken Cup"]
[Site "Brndby"]
[Date "1982.??.??"]
[Round "9"]
[White "Iskov, Gert"]
[Black "Hartung Nielsen, Jens"]
[Result "1-0"]
[WhiteElo "2380"]
[BlackElo "2240"]
[PlyCount "81"]
[EventDate "1982.??.??"]
[EventType "swiss"]
[EventRounds "10"]
[EventCountry "DEN"]
[SourceDate "2004.01.01"]

1. e4 c5 2. Nc3 e6 3. Nge2 Nc6 4. g3 d5 5. exd5 exd5 6. Bg2 d4 7. Nd5 Nf6 8.
Nef4 Nxd5 9. Nxd5 Bd6 10. O-O O-O 11. d3 Be6 12. Qh5 Be5 13. Nf4 Bxf4 14. Bxf4
f5 15. Bxc6 bxc6 16. Rfe1 Qd7 17. Re5 Rae8 18. b3 h6 19. Rae1 Bf7 20. Qh4 Rxe5
21. Bxe5 Re8 22. f4 Bd5 23. Kf2 Kh7 24. h3 Rg8 25. g4 fxg4 26. hxg4 g5 27. fxg5
Rxg5 28. Bf4 Qxg4 29. Re7+ Kg6 30. Bxg5 Qg2+ 31. Ke1 Qg1+ 32. Kd2 Qg2+ 33. Ke1
Qg1+ 34. Kd2 Qg2+ 35. Kc1 Qxg5+ 36. Qxg5+ hxg5 37. Kd2 g4 38. Ke2 Bf3+ 39. Ke1
g3 40. Rxa7 Bd1 41. Rc7 1-0

[Event "4. Copenhagen Open Politiken Cup"]
[Site "Brndby"]
[Date "1982.??.??"]
[Round "9"]
[White "Jacobsen, Bo"]
[Black "Sahl, Bjarke"]
[Result "1/2-1/2"]
[WhiteElo "2315"]
[BlackElo "2380"]
[PlyCount "75"]
[EventDate "1982.??.??"]
[EventType "swiss"]
[EventRounds "10"]
[EventCountry "DEN"]
[SourceDate "2004.01.01"]

1. c4 c6 2. Nf3 d5 3. g3 Nf6 4. Bg2 g6 5. b3 Bg7 6. Bb2 O-O 7. d3 Re8 8. O-O
Nbd7 9. cxd5 Nxd5 10. Bxg7 Kxg7 11. e4 Nc7 12. d4 Nf6 13. Nc3 Bg4 14. Qd2 Bxf3
15. Bxf3 e5 16. Rfd1 Qxd4 17. Qxd4 exd4 18. Rxd4 Ne6 19. Rd2 Ng5 20. Bg2 Ngxe4
21. Nxe4 Nxe4 22. Bxe4 Rxe4 23. Rd7 b6 24. Rad1 Re6 25. Rb7 Rf6 26. Rdd7 Re8
27. Kf1 Re5 28. Rxa7 Rc5 29. Rd2 g5 30. h3 Rc3 31. Kg2 h6 32. Ra4 Rf5 33. h4
Rfc5 34. hxg5 hxg5 35. Ra6 Rb5 36. Kh3 Rb4 37. Ra7 Re4 38. Kg2 1/2-1/2

[Event "4. Copenhagen Open Politiken Cup"]
[Site "Brndby"]
[Date "1982.??.??"]
[Round "9"]
[White "Jensen, Allan Astrup"]
[Black "King, Daniel J"]
[Result "0-1"]
[WhiteElo "2245"]
[BlackElo "2365"]
[PlyCount "66"]
[EventDate "1982.??.??"]
[EventType "swiss"]
[EventRounds "10"]
[EventCountry "DEN"]
[SourceDate "2004.01.01"]

1. e4 c5 2. Nc3 Nc6 3. g3 g6 4. Bg2 Bg7 5. d3 e6 6. Be3 d6 7. Qd2 Rb8 8. a4 a6
9. Nf3 Nd4 10. O-O Ne7 11. Ra2 e5 12. Nd5 Nxd5 13. exd5 Nf5 14. a5 O-O 15. c3
Bd7 16. Rb1 Qc7 17. b4 Nxe3 18. fxe3 cxb4 19. Rxb4 b5 20. axb6 Rxb6 21. Rab2
Rxb4 22. Rxb4 a5 23. Rb1 Rb8 24. Rxb8+ Qxb8 25. Qa2 e4 26. Nd4 exd3 27. Be4 Qe8
28. Bxd3 Qxe3+ 29. Kg2 Qxd3 30. Qxa5 Bh3+ 31. Kxh3 Qf1+ 32. Kg4 h5+ 33. Kg5
Qf6# 0-1

[Event "4. Copenhagen Open Politiken Cup"]
[Site "Brndby"]
[Date "1982.??.??"]
[Round "9"]
[White "Jensen, Vagn"]
[Black "Van Mil, Johan"]
[Result "1-0"]
[WhiteElo "2220"]
[BlackElo "2315"]
[PlyCount "71"]
[EventDate "1982.??.??"]
[EventType "swiss"]
[EventRounds "10"]
[EventCountry "DEN"]
[SourceDate "2004.01.01"]

1. e4 c5 2. c3 d6 3. d4 Nf6 4. Bd3 cxd4 5. cxd4 g6 6. Nc3 Bg7 7. h3 O-O 8. Nf3
a6 9. O-O b5 10. a3 Bb7 11. Qe2 Nbd7 12. Rd1 Rc8 13. Be3 e6 14. Bg5 h6 15. Bf4
Qe7 16. Bc2 Nb6 17. e5 Nfd5 18. Nxd5 Nxd5 19. Bg3 dxe5 20. dxe5 Qc7 21. Be4 Qc4
22. Bd3 Qa4 23. Qd2 Ne7 24. Rac1 Qb3 25. Be2 Nf5 26. Bf4 h5 27. Rxc8 Bxc8 28.
g4 hxg4 29. hxg4 Bb7 30. gxf5 Bxf3 31. Bxf3 Qxf3 32. f6 Qg4+ 33. Bg3 Bh8 34.
Qd6 Rc8 35. Qd7 Qc4 36. Qe7 1-0

[Event "4. Copenhagen Open Politiken Cup"]
[Site "Brndby"]
[Date "1982.??.??"]
[Round "9"]
[White "Johansen, Darryl Keith"]
[Black "Welin, Thomas"]
[Result "1-0"]
[WhiteElo "2275"]
[BlackElo "2330"]
[PlyCount "81"]
[EventDate "1982.??.??"]
[EventType "swiss"]
[EventRounds "10"]
[EventCountry "DEN"]
[SourceDate "2004.01.01"]

1. d4 Nf6 2. c4 g6 3. Nc3 d5 4. Nf3 Bg7 5. Bg5 Ne4 6. cxd5 Nxg5 7. Nxg5 e6 8.
Qd2 exd5 9. Qe3+ Kf8 10. h4 h6 11. Nf3 c5 12. Qd2 Nc6 13. e3 c4 14. b3 cxb3 15.
axb3 Be6 16. Ne2 g5 17. Ng3 g4 18. Ng1 Qb6 19. Bd3 Bf6 20. N1e2 Be7 21. O-O
Bxh4 22. Nf4 Bg5 23. Nxe6+ fxe6 24. Qd1 h5 25. Nxh5 Ke7 26. Qxg4 Rag8 27. Qd1
Rh6 28. Be2 Rgh8 29. f4 Bf6 30. Nxf6 Kxf6 31. Kf2 Rh2 32. Qd3 Ne7 33. Qb5 Qd8
34. Bf3 Nf5 35. Rxa7 Qg8 36. Qxb7 R8h7 37. Qb6 Qg3+ 38. Ke2 Rxg2+ 39. Kd3 Rhh2
40. Qd8+ Kg6 41. Qg8+ 1-0

[Event "4. Copenhagen Open Politiken Cup"]
[Site "Brndby"]
[Date "1982.??.??"]
[Round "9"]
[White "Kirov, Nino"]
[Black "Gulbrandsen, Arne Vinje"]
[Result "1/2-1/2"]
[WhiteElo "2430"]
[BlackElo "2370"]
[PlyCount "82"]
[EventDate "1982.??.??"]
[EventType "swiss"]
[EventRounds "10"]
[EventCountry "DEN"]
[SourceDate "2004.01.01"]

1. Nf3 Nf6 2. c4 e6 3. g3 d5 4. d4 dxc4 5. Bg2 c5 6. Na3 Nc6 7. O-O cxd4 8.
Nxc4 Be7 9. Bf4 O-O 10. Nfe5 Bd7 11. Qb3 Rc8 12. Qxb7 Nb4 13. Qxa7 Bb5 14. Rfc1
Nfd5 15. Qxd4 Nxf4 16. Qxf4 Bg5 17. Qg4 Bxc1 18. Rxc1 Nxa2 19. Ra1 Nb4 20. h4
Nc2 21. Ra7 Qd4 22. Qxd4 Nxd4 23. Nd6 Rc1+ 24. Kh2 Bxe2 25. Ndxf7 Nf3+ 26. Bxf3
Bxf3 27. Nxf3 Rxf7 28. Rxf7 Kxf7 29. Ng5+ Kf6 30. Nxh7+ Kf5 31. Kg2 Rb1 32. Ng5
Rxb2 33. Nf7 Rd2 34. Kf3 Rd3+ 35. Ke2 Rd7 36. Ng5 Ra7 37. f3 Ra2+ 38. Ke3 Ra3+
39. Kf2 Ra2+ 40. Ke3 Ra3+ 41. Kf2 Ke5 1/2-1/2

[Event "4. Copenhagen Open Politiken Cup"]
[Site "Brndby"]
[Date "1982.??.??"]
[Round "9"]
[White "Kopec, Danny"]
[Black "Hoi, Carsten"]
[Result "0-1"]
[WhiteElo "2375"]
[BlackElo "2425"]
[PlyCount "50"]
[EventDate "1982.??.??"]
[EventType "swiss"]
[EventRounds "10"]
[EventCountry "DEN"]
[SourceDate "2004.01.01"]

1. e4 e6 2. d4 d5 3. Nd2 Nf6 4. Bd3 b6 5. e5 Ng8 6. c3 Qd7 7. Qe2 a5 8. h4 h5
9. Nh3 Ba6 10. Bxa6 Nxa6 11. Nf4 g6 12. Nf1 Nh6 13. Ne3 Be7 14. Bd2 c6 15. c4
Nc7 16. Rc1 Rd8 17. Rh3 Kf8 18. Nxh5 gxh5 19. Qxh5 f5 20. Ng4 Nf7 21. Nh6 Bb4
22. Rcc3 Nxh6 23. Rhg3 Qh7 24. Rg6 Bxc3 25. bxc3 Nf7 0-1

[Event "4. Copenhagen Open Politiken Cup"]
[Site "Brndby"]
[Date "1982.??.??"]
[Round "9"]
[White "Kovacs, Laszlo"]
[Black "Horvath, Tamas"]
[Result "1/2-1/2"]
[WhiteElo "2340"]
[BlackElo "2400"]
[PlyCount "46"]
[EventDate "1982.??.??"]
[EventType "swiss"]
[EventRounds "10"]
[EventCountry "DEN"]
[SourceDate "2004.01.01"]

1. Nf3 c5 2. c4 Nf6 3. g3 b6 4. Bg2 Bb7 5. Nc3 e6 6. O-O Be7 7. d4 cxd4 8. Qxd4
d6 9. Rd1 a6 10. b3 Nbd7 11. Bb2 Qc7 12. Rac1 O-O 13. Ng5 Bxg2 14. Kxg2 Qb7+
15. f3 b5 16. Rc2 bxc4 17. bxc4 Rac8 18. Nce4 d5 19. Nxf6+ Nxf6 20. Rdc1 h6 21.
Nh3 dxc4 22. Rxc4 Rxc4 23. Rxc4 Rc8 1/2-1/2

[Event "4. Copenhagen Open Politiken Cup"]
[Site "Brndby"]
[Date "1982.??.??"]
[Round "9"]
[White "Rosenlund, Thorbjorn"]
[Black "Jahr, Ulrich"]
[Result "1-0"]
[WhiteElo "2260"]
[BlackElo "2240"]
[PlyCount "75"]
[EventDate "1982.??.??"]
[EventType "swiss"]
[EventRounds "10"]
[EventCountry "DEN"]
[SourceDate "2004.01.01"]

1. d4 f5 2. Qd3 g6 3. g4 fxg4 4. h3 d5 5. hxg4 Bxg4 6. Rxh7 Rxh7 7. Qxg6+ Rf7
8. Qxg4 Qd7 9. Qxg8 Rg7 10. Qh8 Rxg1 11. Qh5+ Kd8 12. Qf7 Qe8 13. Qxd5+ Kc8 14.
Nd2 e6 15. Qb3 a5 16. Nf3 a4 17. Qc4 b5 18. Qd3 Rh1 19. Bf4 a3 20. b3 Ra6 21.
O-O-O Bd6 22. Bxd6 cxd6 23. d5 exd5 24. Nd4 Qh8 25. e3 Rb6 26. Qf5+ Nd7 27.
Qxd5 Ne5 28. Qa8+ Rb8 29. Qa6+ Kc7 30. Ne6+ Kd7 31. Qxd6+ Ke8 32. Qxb8+ Ke7 33.
Qd6+ Kf6 34. Nd4+ Kg7 35. Qxe5+ Kg6 36. Qxh8 Rxh8 37. Bxb5 Rh2 38. Rf1 1-0

[Event "4. Copenhagen Open Politiken Cup"]
[Site "Brndby"]
[Date "1982.??.??"]
[Round "9"]
[White "Sorensen, Bent"]
[Black "Boehm, Jurgen"]
[Result "1-0"]
[WhiteElo "2305"]
[BlackElo "2250"]
[PlyCount "145"]
[EventDate "1982.??.??"]
[EventType "swiss"]
[EventRounds "10"]
[EventCountry "DEN"]
[SourceDate "2004.01.01"]

1. c4 e6 2. Nf3 d5 3. b3 Nf6 4. Bb2 Be7 5. e3 O-O 6. g3 c5 7. Bg2 Nc6 8. O-O b6
9. Qe2 Bb7 10. Rd1 Qc7 11. Nc3 Rad8 12. d3 Rd7 13. e4 dxe4 14. dxe4 Rfd8 15. e5
Rxd1+ 16. Rxd1 Nd7 17. Nb5 Qb8 18. Ne1 Na5 19. Nd6 Bxg2 20. Nxg2 Nb7 21. Nf4
Nxd6 22. exd6 Bf6 23. Nh5 Bxb2 24. Qxb2 f6 25. Qe2 Kf7 26. Nf4 Nf8 27. Qd3 Qb7
28. Ne2 e5 29. f4 e4 30. Qd5+ Qxd5 31. Rxd5 g6 32. g4 Re8 33. Kf2 Ke6 34. Ng3
Kd7 35. Ke3 Kc6 36. Nxe4 Nd7 37. Kf3 b5 38. Rd3 a6 39. cxb5+ axb5 40. Rd2 Ra8
41. h4 Ra3 42. Ke3 Ra8 43. Nc3 Re8+ 44. Kf3 Re1 45. Nd5 Rh1 46. g5 fxg5 47.
hxg5 c4 48. bxc4 bxc4 49. Ne3 Rc1 50. Rh2 Nf8 51. Rd2 Nd7 52. Rd4 c3 53. Ke2
Nc5 54. Ng4 c2 55. Ne5+ Kb5 56. Rc4 Rd1 57. Rxc2 Rxd6 58. Ke3 Re6 59. Rb2+ Ka6
60. Kd4 Na4 61. Rh2 Re7 62. Rc2 Nb6 63. Rc6 Kb5 64. Rc5+ Ka6 65. Rc3 Nd7 66.
Kd5 Rg7 67. Kd6 Nb6 68. Ng4 Rf7 69. Nf6 Kb5 70. Rb3+ Ka5 71. Kc6 Na4 72. Nd5
Rg7 73. Rb5+ 1-0

[Event "4. Copenhagen Open Politiken Cup"]
[Site "Brndby"]
[Date "1982.??.??"]
[Round "9"]
[White "Sorensen, Henrik"]
[Black "Moe, Mogens"]
[Result "0-1"]
[WhiteElo "2235"]
[BlackElo "2365"]
[PlyCount "100"]
[EventDate "1982.??.??"]
[EventType "swiss"]
[EventRounds "10"]
[EventCountry "DEN"]
[SourceDate "2004.01.01"]

1. d4 Nf6 2. Nf3 g6 3. Bg5 Ne4 4. Bh4 Bg7 5. Nbd2 d5 6. e3 c5 7. c3 Nc6 8. Nxe4
dxe4 9. Nd2 cxd4 10. exd4 f5 11. Bc4 Qb6 12. Bb3 Na5 13. Ba4+ Kf8 14. b4 Nc6
15. Bb3 a5 16. Nc4 Qa6 17. bxa5 Nxa5 18. Nxa5 Qxa5 19. O-O h6 20. Rc1 g5 21.
Qh5 e6 22. Bg3 f4 23. Bc2 Bd7 24. Bxe4 Ke7 25. d5 fxg3 26. fxg3 Raf8 27. dxe6
Rxf1+ 28. Rxf1 Bxe6 29. h3 Rf8 30. Rb1 b6 31. Qg6 Qxc3 32. Kh2 Qf6 33. Qh5 Rb8
34. Bd3 Bf7 35. Qg4 Qd4 36. Re1+ Kf8 37. Qf5 Qd5 38. Qh7 Rd8 39. Be4 Qxa2 40.
Rf1 Rd2 41. Qf5 Ke7 42. Qh7 Qb2 43. Rb1 Qd4 44. Rf1 Be6 45. Rc1 Qe5 46. Rc6 Rd1
47. Bf3 Re1 48. Rc7+ Qxc7 49. Qxg7+ Bf7 50. Bh5 Rf1 0-1

[Event "4. Copenhagen Open Politiken Cup"]
[Site "Brndby"]
[Date "1982.??.??"]
[Round "9"]
[White "Taulbut, Shaun M"]
[Black "Sznapik, Aleksander"]
[Result "1/2-1/2"]
[WhiteElo "2435"]
[BlackElo "2440"]
[PlyCount "70"]
[EventDate "1982.??.??"]
[EventType "swiss"]
[EventRounds "10"]
[EventCountry "DEN"]
[SourceDate "2004.01.01"]

1. d4 Nf6 2. Nf3 g6 3. Bf4 Bg7 4. e3 O-O 5. h3 d6 6. Be2 b6 7. O-O Bb7 8. Nbd2
Nbd7 9. c3 Qe8 10. Bh2 e5 11. dxe5 dxe5 12. Nc4 Ne4 13. Qc2 Qe7 14. Rad1 Rad8
15. b4 f5 16. Qb3 Kh8 17. Rfe1 g5 18. Nfd2 Ndf6 19. Nf1 Nd5 20. Bf3 Nexc3 21.
Bxd5 Nxd5 22. Ng3 f4 23. Nh5 fxe3 24. f3 Nf4 25. Rxd8 Rxd8 26. Nxg7 Qxg7 27.
Qxe3 e4 28. fxe4 Rd4 29. Nd2 Rd3 30. Qf2 Rxh3 31. Nf3 Rxh2 32. Kxh2 Nd3 33. Qd2
Nxe1 34. Qd8+ Qg8 35. Qd4+ Qg7 1/2-1/2

[Event "4. Copenhagen Open Politiken Cup"]
[Site "Brndby"]
[Date "1982.??.??"]
[Round "9"]
[White "Wedberg, Tom"]
[Black "Hazai, Laszlo"]
[Result "1/2-1/2"]
[WhiteElo "2435"]
[BlackElo "2450"]
[PlyCount "24"]
[EventDate "1982.??.??"]
[EventType "swiss"]
[EventRounds "10"]
[EventCountry "DEN"]
[SourceDate "2004.01.01"]

1. d4 Nf6 2. g3 g6 3. Bg2 Bg7 4. e4 d6 5. Ne2 O-O 6. O-O e5 7. Nbc3 Nc6 8. dxe5
dxe5 9. Bg5 Nd4 10. Nxd4 Qxd4 11. Qxd4 exd4 12. Nb5 c6 1/2-1/2

[Event "4. Copenhagen Open Politiken Cup"]
[Site "Brndby"]
[Date "1982.??.??"]
[Round "9"]
[White "Wicker, Kevin J"]
[Black "Cramling, Dan"]
[Result "0-1"]
[WhiteElo "2275"]
[BlackElo "2345"]
[PlyCount "80"]
[EventDate "1982.??.??"]
[EventType "swiss"]
[EventRounds "10"]
[EventCountry "DEN"]
[SourceDate "2004.01.01"]

1. e4 Nf6 2. Nc3 d5 3. exd5 Nxd5 4. Qf3 Nf6 5. Bb5+ c6 6. Bc4 Bg4 7. Qg3 e6 8.
Ne4 h5 9. f3 Bf5 10. d3 h4 11. Qf2 Nbd7 12. Ne2 Ne5 13. Bb3 Bb4+ 14. Bd2 Bxd2+
15. Nxd2 Bxd3 16. O-O-O Qa5 17. f4 Neg4 18. Qf3 Bxe2 19. Qxe2 O-O-O 20. h3 Nh6
21. Nc4 Qc5 22. Qe5 Qxe5 23. fxe5 Nd5 24. Rhf1 Kc7 25. Rf3 Nf5 26. Nd6 Rh5 27.
Rfd3 Nxd6 28. exd6+ Kd7 29. Rf1 f6 30. Rd4 e5 31. Rg4 Rh7 32. Ra4 Kxd6 33. Rxa7
Kc7 34. c3 Nf4 35. Bc2 Rh5 36. Rf2 Rg5 37. Ra4 Nxg2 38. Rb4 Nf4 39. a4 Rg1+ 40.
Bd1 Nd3+ 0-1

[Event "4. Copenhagen Open Politiken Cup"]
[Site "Brndby"]
[Date "1982.??.??"]
[Round "9"]
[White "Wiedenkeller, Michael"]
[Black "Gallmeyer, Peter"]
[Result "1-0"]
[WhiteElo "2320"]
[BlackElo "2225"]
[PlyCount "61"]
[EventDate "1982.??.??"]
[EventType "swiss"]
[EventRounds "10"]
[EventCountry "DEN"]
[SourceDate "2004.01.01"]

1. e4 e5 2. Nf3 Nc6 3. Bb5 a6 4. Ba4 Nf6 5. d4 exd4 6. O-O Be7 7. Re1 b5 8. e5
Nxe5 9. Rxe5 d6 10. Re1 bxa4 11. Nxd4 Bd7 12. Qf3 O-O 13. Nc6 Bxc6 14. Qxc6 Nd7
15. Nc3 a3 16. b3 Bf6 17. Bxa3 Bd4 18. Bb2 Ne5 19. Qe4 Qf6 20. Nd1 Bb6 21. Ne3
Rae8 22. Rab1 Qg5 23. Kh1 f5 24. Qd5+ Kh8 25. Nc4 Bxf2 26. Nxe5 dxe5 27. Rxe5
Rd8 28. Qf3 Qd2 29. Rf1 Qxc2 30. Re2 Rd1 31. Qxf2 1-0

[Event "4. Copenhagen Open Politiken Cup"]
[Site "Brndby"]
[Date "1982.??.??"]
[Round "9"]
[White "Zieher, Hartmut"]
[Black "Rind, Bruce"]
[Result "1/2-1/2"]
[WhiteElo "2260"]
[BlackElo "2390"]
[PlyCount "104"]
[EventDate "1982.??.??"]
[EventType "swiss"]
[EventRounds "10"]
[EventCountry "DEN"]
[SourceDate "2004.01.01"]

1. e4 c5 2. Nf3 Nc6 3. d4 cxd4 4. Nxd4 g6 5. c4 Bg7 6. Be3 Nf6 7. Nc3 O-O 8.
Be2 b6 9. O-O Bb7 10. f3 e6 11. Ndb5 d5 12. cxd5 exd5 13. exd5 Ne7 14. d6 Nf5
15. Qd2 Nxe3 16. Qxe3 a6 17. Na3 b5 18. Nc2 Qxd6 19. Rfd1 Qc7 20. Rd3 Rfe8 21.
Qf2 Nd5 22. Nxd5 Qxc2 23. Bf1 Qxb2 24. Qxb2 Bxb2 25. Rb1 Be5 26. a4 Rad8 27.
Rbd1 Kg7 28. axb5 axb5 29. f4 Bb8 30. Nf6 Kxf6 31. Rxd8 Rxd8 32. Rxd8 Bxf4 33.
Bxb5 Be4 34. g3 Be5 35. Kf2 h5 36. Ke3 Bf5 37. Bc4 h4 38. Kf3 hxg3 39. hxg3 g5
40. g4 Bg6 41. Rd1 Kg7 42. Bd3 f6 43. Bxg6 Kxg6 44. Ke4 Bc3 45. Rd6 Bb2 46. Kd5
Kf7 47. Rd7+ Kf8 48. Ke6 Bc3 49. Kf5 Bb2 50. Kg6 Bc3 51. Rf7+ Ke8 52. Rc7 Bb2
1/2-1/2

[Event "4. Copenhagen Open Politiken Cup"]
[Site "Brndby"]
[Date "1982.??.??"]
[Round "9"]
[White "Akesson, Ralf"]
[Black "Portisch, Ferenc"]
[Result "1-0"]
[WhiteElo "2405"]
[BlackElo "2410"]
[PlyCount "75"]
[EventDate "1982.??.??"]
[EventType "swiss"]
[EventRounds "10"]
[EventCountry "DEN"]
[SourceDate "2004.01.01"]

1. d4 Nf6 2. c4 g6 3. Nc3 Bg7 4. e4 d6 5. Be2 O-O 6. Nf3 e5 7. Be3 Nbd7 8. d5
Nc5 9. Nd2 a5 10. g4 Bd7 11. h4 Qc8 12. g5 Nh5 13. Bxh5 gxh5 14. Qe2 Bg4 15. f3
Bd7 16. O-O-O Kh8 17. Nf1 f5 18. Bxc5 dxc5 19. Ng3 Qe8 20. d6 cxd6 21. Rxd6
fxe4 22. Ngxe4 Bc6 23. Rhd1 Qc8 24. R1d3 Qh3 25. Qf2 Rae8 26. a3 a4 27. Kb1 Qh2
28. Ka2 Qh3 29. Qxc5 Bxe4 30. Nd1 Bf6 31. R3d4 Bg6 32. Rd7 e4 33. Rd3 Re5 34.
Rf7 Bxf7 35. Rc3 Ree8 36. Qb6 Qh1 37. Ne3 Rb8 38. Ng2 1-0

[Event "4. Copenhagen Open Politiken Cup"]
[Site "Brndby"]
[Date "1982.??.??"]
[Round "10"]
[White "Berg, Klaus"]
[Black "Kopec, Danny"]
[Result "1-0"]
[WhiteElo "2295"]
[BlackElo "2375"]
[PlyCount "75"]
[EventDate "1982.??.??"]
[EventType "swiss"]
[EventRounds "10"]
[EventCountry "DEN"]
[SourceDate "2004.01.01"]

1. Nf3 d5 2. d4 c5 3. e3 Nf6 4. c4 cxd4 5. exd4 Nc6 6. Nc3 e6 7. cxd5 Nxd5 8.
Bd3 Be7 9. O-O Bf6 10. Be4 O-O 11. Re1 Nxc3 12. bxc3 Bd7 13. Qd3 g6 14. Bh6 Re8
15. Rab1 b6 16. Ne5 Rc8 17. Bxc6 Bxc6 18. Ng4 Bg5 19. Qh3 f5 20. Ne5 Bd5 21.
Bxg5 Qxg5 22. Re3 Rc7 23. Rg3 Qd2 24. Rf1 Rg7 25. a4 Qa2 26. Qh6 Qxa4 27. h4
Ree7 28. h5 gxh5 29. c4 Bxc4 30. Rc1 b5 31. Rxc4 bxc4 32. Rxg7+ Rxg7 33. Qxe6+
Kf8 34. Qf6+ Ke8 35. Qxg7 c3 36. Qf7+ Kd8 37. Qb7 Qa3 38. Qd7# 1-0